Učitavanje...

Sir C P ye vadhikan sramicha K C S Mani /

Bibliografski detalji
Glavni autor: C P Ramaswami Ayyar
Daljnji autori: Yedhukula Kumar, G.
Format: Printed Book
Izdano: Kottayam : D C books, 1997.
Teme:
LEADER 00533nam a22001577a 4500
020 |a 817130740X 
082 |a 320.092  |b CPR.C 
100 |a C P Ramaswami Ayyar. 
245 |a Sir C P ye vadhikan sramicha K C S Mani /  |c by G Yedhukula Kumar. 
260 |a Kottayam :  |b D C books,  |c 1997. 
300 |a 143 p. 
650 |a biography 
700 |a Yedhukula Kumar, G. 
942 |c BK 
999 |c 315371  |d 315371 
952 |0 0  |1 0  |4 0  |6 320_092000000000000_CPR_C  |7 0  |8 MAL  |9 337299  |a POL  |b POL  |c GEN  |d 2020-12-01  |l 0  |o 320.092 CPR.C  |p POL16142  |r 2020-12-01  |w 2020-12-01  |y BK